| 000 | 01083nam0a2200301 4500 | ||
|---|---|---|---|
| 001 | RU\NLR\bibl\556308 | ||
| 005 | 20250609161728.0 | ||
| 021 |
_aRU _b2004-50512 _92485 |
||
| 035 | _a(NLR Aleph) 000548451 | ||
| 090 |
_a1457191 _c1457191 |
||
| 100 | _a20040927d2003 |||y0rusy50 ca | ||
| 101 | 0 | _arus | |
| 102 | _aRU | ||
| 105 | _aa ||||||||| | ||
| 200 | 1 |
_aСтатьи и выступления _fМаигов Саламбек Сайдиевич |
|
| 210 |
_aМ. _cБ.и. _d2003 |
||
| 215 |
_a71 с., [4] л. портр., цв. ил. _d21 |
||
| 300 | _aНа 4-й с. обл. авт.: Маигов С.С., к.э.н. | ||
| 606 | 1 |
_aЧеченский конфликт _jСборники _xУрегулирование _z1994 - 2009 _92351507 _3RU\NLR\AUTH\661404835 |
|
| 686 | _aТ3(2Р-6Че)74я44 | ||
| 686 | _aТ3(2)74-36я44 | ||
| 700 | 1 |
_aМаигов _bС. С. _f1966- _gСаламбек Сайдиевич _4070 |
|
| 801 | 0 |
_aRU _bNLR _c20040927 _gPSBO |
|
| 801 | 1 |
_aRU _bNLR _c20040927 |
|
| 942 | _cBOOK | ||
| 980 | _aNB | ||